|
|
|
|
| LEADER |
00659nam a22002052a 4500 |
| 001 |
000360533 |
| 003 |
CZ BrMZK |
| 005 |
20050927150417.0 |
| 008 |
010907s1969 xr f cze d |
| 040 |
|
|
|a BOA001
|b cze
|
| 100 |
1 |
|
|a Novák, Bohumil,
|c táboření
|
| 245 |
1 |
0 |
|a Tábornická praxe /
|c Bohumil Novák.
|
| 260 |
|
|
|a Kraslice :
|b Střed. 309-01 Hraničář,
|c [1969?]
|
| 300 |
|
|
|a 40 s.
|
| 490 |
1 |
|
|a Junácká knihovnička ;
|v sv. 1
|
| 830 |
|
0 |
|a Junácká knihovnička
|
| 910 |
|
|
|a BOA001
|b PK-0057.907
|
| 964 |
|
|
|a Táboření - příručky
|
| 990 |
|
|
|a BK
|
| 996 |
7 |
|
|b 3119809224
|c PK-0057.907
|l MZK
|r Sklad / do 1 hodiny
|n 5
|w 000360533
|u 000010
|a 1
|e BOA001
|j MZK50
|s A
|